000 00605 a2200193 4500
003 sjds
005 20240229145336.0
008 240229b |||||||| |||| 00| 0 spa d
020 _a9781474818520
020 _a1474818528
040 _csjds
041 _aspa
100 1 0 _aHoffman, Michael
245 1 0 _a100 Maravillas del mundo :
_bobras maestras realizadas por la mano del hombre e impresionantes creaciones de la naturaleza /
_cMichael Hoffman, Alexander Krings.
260 _aNew York :
_bParragon,
_c[2015]
300 _a240 p. fot. color
_e1 DVD
700 _aKrings, Alexander,
942 _cBK
999 _c24748
_d24748